LDR 01118naa#a2200277#i#450# 001 EN\\bibl\122469 005 20260702012824.4 011 ## _a1681-1208 100 ## _a20260701b2026####ek#y0engy0150####ca 101 0# _aENG 102 ## _aRU 200 1# _aCrustal Movements and Deformations in Relation to Seismicity in Continuation of the Preparation Period of the Kamchatka Megathrust Earthquake (2020–2025) _eJournal article 210 1# _aMoscow _cGeophysical Center of the Russian Academy of Sciences _d2026 215 ## _a0 с. 606 ## _aНауки о Земле. 05.00.00 _2local 608 ## _aJournal article _2local 675 ## _aГеология. Геологические и геофизические науки. 55 _zENG 686 ## _aНауки о Земле. 26 _2bbk 686 ## _aНауки о Земле. Экология. 63 _2tbk 686 ## _aГЕОФИЗИКА. 37.00 _2grnti 686 ## _aГЕОЛОГИЯ. 38.00 _2grnti 700 #1 _aDokukin _gPetr Aleksandrovich 700 #1 _aKaftan _gVladimir Ivanovich 700 #1 _aTitkov _gNikolay Nikolaevich 700 #1 _aChebrov _gDanila Viktorovich 856 4# _arjes.ru _u